[Event "European Online Club-ch-C 2021"]
[Site "Online"]
[Date "2021.03.27"]
[Round "3.4"]
[White "Yagiz, Bora"]
[Black "Kollars, Dmitrij"]
[Result "0-1"]
[WhiteElo "1877"]
[BlackElo "2598"]
[Annotator "ChessBase"]
[PlyCount "48"]
[EventDate "2021.03.27"]
[EventType "team-tourn"]
[EventCountry "NET"]
[SourceTitle "playchess.com"]
[Source "ChessBase"]
[SourceQuality "1"]
[TimeControl "900+5"]

1. e4 {[%emt 0:00:00]} e5 {[%emt 0:00:03]} 2. Nf3 {[%emt 0:00:21]} Nc6 {[%emt 0:00:02]} 3. Bb5 {[%emt 0:00:06]} a6 {[%emt 0:00:03]} 4. Bxc6 {[%emt 0:00:05]} dxc6 {[%emt 0:00:00]} 5. Nc3 {[%emt 0:00:06]} f6 {[%emt 0:00:21]} 6. d4 {[%emt 0:00:21]} exd4 {[%emt 0:00:04]} 7. Qxd4 {[%emt 0:00:01]} Qxd4 {[%emt 0:00:19]} 8. Nxd4 {[%emt 0:00:02]} Bd7 {[%emt 0:00:02]} 9. Be3 {[%emt 0:00:03]} O-O-O {[%emt 0:00:02]} 10. O-O-O {[%emt 0:00:01]} Bb4 {[%emt 0:00:19]} 11. Nde2 {[%emt 0:00:47]} Ne7 {[%emt 0:00:09]} 12. f3 {[%emt 0:00:16]} Ng6 {[%emt 0:00:53]} 13. a3 {[%emt 0:02:01]} Bd6 {[%emt 0:00:06]} 14. Na4 {[%emt 0:00:16]} Kb8 {[%emt 0:02:11]} 15. Nb6 {[%emt 0:05:31]} Be6 {[%emt 0:02:45]} 16. Na4 {[%emt 0:00:30]} Rhe8 {[%emt 0:00:45]} 17. Nc5 {[%emt 0:04:14]} Bc8 {[%emt 0:00:09]} 18. Ng3 {[%emt 0:01:10]} Nh4 {[%emt 0:01:04]} 19. Rhg1 {[%emt 0:00:33]} h6 {[%emt 0:00:02]} 20. Bf2 {[%emt 0:00:05]} Nxg2 {[%emt 0:00:20]} 21. Nd3 {[%emt 0:00:07]} Nf4 {[%emt 0:00:30]} 22. Kb1 {[%emt 0:00:08]} Nh3 {[%emt 0:00:04]} 23. Be3 {[%emt 0:00:05]} Nxg1 {[%emt 0:00:02]} 24. Rxg1 {[%emt 0:00:01]} f5 {[%emt 0:00:10]} 0-1

[Event "European Online Club-ch-C 2021"]
[Site "Online"]
[Date "2021.03.27"]
[Round "3.5"]
[White "Nguyen, Thai Dai Van"]
[Black "Fedoseev, Vladimir"]
[Result "1/2-1/2"]
[WhiteElo "2577"]
[BlackElo "2687"]
[Annotator "TA"]
[PlyCount "143"]
[EventDate "2021.03.27"]
[EventType "team-tourn"]
[EventCountry "NET"]
[SourceTitle "playchess.com"]
[Source "ChessBase"]
[SourceQuality "1"]

{[%evp 12,143,38,21,24,51,36,23,22,13,33,19,19,24,22,10,16,9,1,18,89,-174,-137,-172,-181,-284,-284,-305,-242,-239,-225,-262,-238,-305,-305,-292,-295,-290,-204,-183,-198,-183,-12,-14,96,81,118,103,150,150,134,85,68,50,51,8,222,247,237,204,211,128,270,257,462,435,691,573,968,-105,-105,-91,39,38,38,29,183,138,121,0,0,7,36,35,111,102,111,111,111,110,104,8,8,8,8,8,8,8,8,0,247,8,8,0,8,0,0,0,8,0,118,118,122,133,1108,692,648,8,8,8,8,8,8,8,8,8,8,8,8,8,8,8,8,8]} 1. d4 Nf6 2. c4 g6 3. Nc3 Bg7 4. e4 d6 5. Be2 O-O 6. Be3 Nc6 {[%cal Bb8c6,Bc6e5,Be5g4][%mdl 32]} 7. d5 Ne5 {E73: King's Indian: Averbakh Variation without 6...c5.} 8. f4 Neg4 9. Bd2 Nh6 $1 {White has an edge.} 10. Nf3 c6 11. h3 {[#] Black should prevent g4.} cxd5 $146 ({Predecessor:} 11... b5 12. e5 Nh5 13. Nd4 Ng3 14. Nxc6 Qb6 15. Rf1 Nxf1 16. Bxf1 bxc4 17. Qa4 Nf5 {0-1 (40) Giannoulakis,L (2286)-Kanakaris,G (2399) Thessaloniki 2018}) 12. cxd5 e6 13. dxe6 Bxe6 14. O-O d5 15. e5 Nh5 (15... Ne4 $11) 16. Kh2 $2 {[%mdl 8192]} (16. Qe1 $16 {and life is bright.}) 16... d4 $19 17. Ne4 d3 18. Nd6 (18. Nfg5 $142 dxe2 19. Qxe2) 18... dxe2 19. Qxe2 Nf5 20. Nxf5 Bxf5 ({Weaker is} 20... gxf5 21. Ng5 $11) 21. Rfd1 Bc2 22. Rdc1 Bd3 23. Qe3 Bh6 24. g3 {White hopes to continue with Bb4.} Ng7 25. Bb4 Nf5 26. Qf2 {next Rd1 is good for White.} Re8 $2 (26... Qd5 $19 27. Bxf8 Bxf8) 27. Rd1 $11 a5 (27... Qd5 $11 {keeps the balance.} 28. Ne1 Qe4 29. Nxd3 Rad8) 28. Bc3 $1 $16 Re7 {aiming for ...Rd7.} 29. Nd4 Nxg3 30. Qxg3 Be4 31. Qh4 {And now Nc6! would win.} Qf8 32. Re1 Bd5 33. Rg1 f5 $2 (33... Bg7 $1 $11) 34. exf6 $18 Re4 35. Rg4 Kf7 36. Rf1 Rae8 (36... b5 $16) 37. Rf2 Re3 $2 {[#]} (37... b5) 38. Rg5 $1 {[%mdl 512]} Be4 (38... Rd8 $142 39. Re5 Bxf4+ 40. Qxf4 Rxe5 41. Qxe5 Qd6) 39. Re5 g5 40. Rxe8 $2 (40. Qg4 $18 {Qd7+ is the strong threat.} Bg6 41. Ne6 $1 {[%mdl 512]}) 40... gxh4 $17 41. Rxf8+ Kxf8 (41... Bxf8 $17 42. Nc2 Rg3) 42. Ne6+ $14 Kf7 43. Ng5+ Kg6 $2 (43... Bxg5 $11 {and Black is okay.} 44. fxg5 Bd5) 44. Nxe4 ({Much less strong is} 44. Bxa5 $6 Bxg5 45. fxg5 Bd5 $14) 44... Rxe4 $18 {[%mdl 4096] Endgame KRB-KRB} 45. f5+ (45. Be5 $16) 45... Kf7 $11 46. Bxa5 Bf4+ (46... Be3 $5 {[%cal Re3f2]} 47. Rg2 Kxf6 $11) 47. Kg2 Bg3 (47... Be5 $14) 48. Rd2 $16 {Strongly threatening Bd8.} Kxf6 49. Rd5 $1 Re2+ 50. Kf3 Rf2+ 51. Kg4 (51. Ke3 $16) 51... Rf4+ $11 52. Kh5 Rxf5+ 53. Rxf5+ Kxf5 {KB-KB} 54. Bd8 Ke4 $1 55. Bxh4 Be5 (55... Bxh4 $11 {and Black has nothing to worry.} 56. Kxh4 Kd3) 56. b3 $2 ({Better is} 56. Kh6 $18) 56... Bg7 $1 57. a4 Kd3 58. b4 Kc4 59. Be7 {Threatens to win with b5.} Kb3 60. a5 {Hoping for b5.} Ka4 (60... Bc3 $11 {remains equal.}) 61. h4 $1 $16 Kb5 62. Kg5 $1 Kc4 $2 {[%mdl 8192] [#]} (62... Kc6 $16 63. h5 Kb5) 63. h5 $1 $18 Kb5 {[#] Now ...Kc4 and Black clings on.} 64. Kf5 $2 ({White must play} 64. Bf6 $1 $18 {[%cal Rf6g7]} Bf8 65. Bc3) 64... Bc3 $11 {The position is equal.} 65. h6 Bd2 66. Bf8 Bxh6 67. Bxh6 Kxb4 {KB-KPP} 68. Bd2+ Kb5 69. Kg5 b6 70. axb6 {White wants to mate with b7.} Kxb6 71. Kh6 Kb5 72. Kxh7 {White used his chance.  Weighted Error Value: White=0.44/Black=0.61} 1/2-1/2

[Event "European Online Club-ch-C 2021"]
[Site "Online"]
[Date "2021.03.27"]
[Round "3.6"]
[White "Matlakov, Maxim"]
[Black "Michalik, Peter"]
[Result "1/2-1/2"]
[WhiteElo "2688"]
[BlackElo "2594"]
[Annotator "TA"]
[PlyCount "61"]
[EventDate "2021.03.27"]
[EventType "team-tourn"]
[EventCountry "NET"]
[SourceTitle "playchess.com"]
[Source "ChessBase"]
[SourceQuality "1"]

{[%evp 9,61,10,15,29,34,28,34,37,52,21,29,3,7,0,29,14,38,28,45,41,24,-77,-58,-42,-56,-53,37,43,43,37,48,8,9,5,4,4,5,6,4,0,0,0,0,0,0,0,6,0,0,0,0,0,0,0]} 1. d4 Nf6 2. Nc3 d5 3. Bf4 c6 4. e3 Bf5 5. f3 e6 6. g4 {D00: 1 d4 d5: Unusual lines.} Bg6 7. h4 {[#] Threatens to win with h5.} h5 8. g5 {White is slightly better.} Ng8 {[#]} 9. a3 $146 ({Predecessor:} 9. Qd2 Bb4 10. a3 Ba5 11. Nh3 Nd7 12. Qh2 Rc8 13. b4 Bc7 14. Bxc7 Rxc7 15. Nf4 {½-½ (61) Sadorra,J (2539)-Olafsson,H (2508) chess.com INT 2018}) 9... Bd6 10. Nge2 Ne7 11. Qd2 Qc7 12. O-O-O Nd7 13. e4 {next e5 is good for White.} Qb8 14. Bh3 b5 15. Rhe1 {[#]} (15. Bxd6 $11 Qxd6 16. Qf4) 15... Nb6 $1 $17 16. Bxd6 Qxd6 17. Qf4 O-O-O (17... Qd7 $1 $15) 18. Qxd6 $14 Rxd6 19. Nf4 Rhd8 20. exd5 Nbxd5 {The position is equal.} 21. Nfxd5 Nxd5 22. Nxd5 Rxd5 23. c3 c5 {[%cal Rc5d4]} 24. dxc5 Rxc5 25. Rxd8+ Kxd8 $11 {[%mdl 4096] Endgame KRB-KRB} 26. Rd1+ Kc7 27. Rd4 Bf5 28. Bxf5 Rxf5 29. f4 f6 30. gxf6 gxf6 31. a4 {Weighted Error Value: White=0.14/Black=0.13} 1/2-1/2

[Event "European Online Club-ch-C 2021"]
[Site "Online"]
[Date "2021.03.27"]
[Round "3.7"]
[White "Stocek, Jiri"]
[Black "Vitiugov, Nikita"]
[Result "1/2-1/2"]
[WhiteElo "2604"]
[BlackElo "2715"]
[Annotator "TA"]
[PlyCount "75"]
[EventDate "2021.03.27"]
[EventType "team-tourn"]
[EventCountry "NET"]
[SourceTitle "playchess.com"]
[Source "ChessBase"]
[SourceQuality "1"]

{[%evp 27,75,17,17,22,29,14,47,55,46,41,48,50,50,62,87,68,94,71,114,93,116,105,117,98,104,109,131,0,0,0,6,-5,-8,-177,0,0,32,30,62,69,71,80,75,70,76,0,10,0,87,0]} 1. c4 Nf6 2. Nc3 g6 3. d4 Bg7 4. e4 d6 5. Be2 O-O 6. Nf3 e5 7. Be3 exd4 8. Nxd4 Re8 9. f3 c6 10. Bf2 d5 11. exd5 cxd5 12. O-O Nc6 13. c5 Nh5 14. Qd2 Be5 {Threatens to win with ...Nf4.} 15. g3 {E92: King's Indian: Classical: 6 Be2 e5: 7 dxe5, 7 Be3 and Petrosian System without 7...Nbd7.} Bh3 16. Rfe1 Ng7 17. Rad1 {White is slightly better.} a6 {[#]} 18. Nb3 $146 ({Predecessor:} 18. a3 Qd7 19. b4 Rad8 20. Nxc6 bxc6 21. Na4 Qa7 22. Nb6 h5 23. a4 h4 24. b5 axb5 25. axb5 {1-0 (42) Volkov,S (2628)-Aminov,A (2163) St Petersburg 2013}) 18... Be6 19. f4 Bxc3 20. Qxc3 Qc7 21. Nd4 Rad8 22. b4 Bh3 23. Bf3 Ne6 24. Nb3 h5 25. Rxd5 Rxd5 26. Bxd5 Rd8 27. Bg2 ({Better is} 27. Bc4 $16) 27... Bxg2 $11 28. Kxg2 Qd7 29. a3 Qd5+ 30. Kg1 $2 {[#]} (30. Qf3 $1 $11 {and White has nothing to worry.}) 30... Qf5 $2 (30... h4 $1 $19 {[%cal Rh4h3] Hoping for ...h3.} 31. h3 Qf5) 31. Qf3 Kh7 {White should prevent ...Ng5.} (31... Rd3 $5 32. Re3 $8 Ne5 $11) 32. Qe4 $36 {[%mdl 2048] White has the initiative.} Qxe4 33. Rxe4 Rd1+ 34. Re1 Rd3 35. Re3 Rd1+ 36. Re1 (36. Kg2 $16) 36... Rd3 37. Re3 (37. Rb1 $11) 37... Rd1+ $1 $16 38. Re1 {Weighted Error Value: White=0.30/Black=0.17} ({White should play} 38. Be1 $16) 1/2-1/2

[Event "European Online Club-ch-C 2021"]
[Site "Online"]
[Date "2021.03.27"]
[Round "3.8"]
[White "Esipenko, Andrey"]
[Black "Hracek, Zbynek"]
[Result "1-0"]
[WhiteElo "2677"]
[BlackElo "2565"]
[Annotator "TA"]
[PlyCount "109"]
[EventDate "2021.03.27"]
[EventType "team-tourn"]
[EventCountry "NET"]
[SourceTitle "playchess.com"]
[Source "ChessBase"]
[SourceQuality "1"]

{[%evp 10,109,9,5,35,35,31,10,27,19,37,22,31,16,15,23,37,41,36,37,33,10,33,-5,55,-2,0,0,0,0,0,-17,14,0,18,21,27,43,34,43,33,28,25,22,19,20,36,31,54,41,46,44,53,0,0,0,0,0,5,12,53,48,101,112,118,112,628,625,625,618,902,718,4986,1925,2636,1796,1257,904,895,721,905,901,896,856,5112,5064,4727,4722,1433,897,29981,29982,29982,29983,29983,29984,29984,29985,29988,29989,29990,29991]} 1. d4 Nf6 2. c4 e6 3. Nf3 Bb4+ 4. Nbd2 O-O 5. a3 Be7 6. e4 d6 {E11: Bogo-Indian.} (6... d5 $5 {[%cal Rd5e4]}) 7. Be2 Nfd7 {is the new trend.} 8. Nb1 d5 {The position is equal.} 9. Nc3 dxe4 10. Nxe4 Nf6 11. Nc3 b6 12. Ne5 Bb7 13. Bf3 Qc8 14. O-O Nfd7 {[#]} 15. Nd3 $146 ({Predecessor:} 15. Ng4 Nc6 16. Re1 Nd8 17. d5 e5 18. Nxe5 Nxe5 19. Rxe5 Bf6 20. Bg4 Bxe5 21. Bxc8 Bxc8 22. Qf3 Ba6 23. Bf4 Bxf4 24. Qxf4 {1-0 (33) Kontic,D (2318)-Goric,E (2274) Bihac 2016}) 15... Nc6 16. Be3 Bf6 (16... Na5 $11) 17. d5 (17. Qa4 $14 Na5 18. Ne4) 17... Nce5 $11 18. Nxe5 Nxe5 19. Be2 Rd8 20. Qb3 exd5 21. Nxd5 Bxd5 22. cxd5 Qd7 23. Rfd1 Be7 24. Rac1 Bd6 25. h3 Qf5 26. Qc2 Qxc2 27. Rxc2 a5 28. Bb5 Nd7 29. Bg5 {Bc6 is the strong threat.} f6 30. Be3 Kf7 31. g4 ({White should play} 31. g3 $14) 31... Ne5 32. f4 Ng6 33. Rc4 $36 {[%mdl 2048] Black is under pressure.} Rh8 34. Bd7 h5 (34... Nf8 $5 {[%cal Rf8d7]} 35. Ba4 Ng6 $14) 35. Be6+ Kf8 (35... Ke7 $14) 36. g5 $16 Ke7 37. Rdc1 fxg5 $2 {[%mdl 8192] [#] This costs Black the game.} (37... c5 $16) 38. Rxc7+ $18 Bxc7 39. Rxc7+ Kf8 40. fxg5 Re8 41. Bxb6 (41. Rf7+ $142 Kg8 42. Bd4 Rxe6 43. dxe6) 41... Rb8 42. Bc5+ Ke8 43. Rxg7 Nf4 44. Bd7+ Kd8 45. Bc6 Rxb2 46. Ra7 Nxh3+ 47. Kf1 Rb1+ 48. Kg2 Nf4+ 49. Kg3 {[#] White threatens Bd6 and mate.} Ng6 50. Bd6 {White mates.} Rb3+ 51. Kg2 Rb2+ 52. Kf3 Rf8+ 53. Bxf8 Nxf8 54. d6 Rb8 55. Re7 {[%csl Gc6][%cal Re7e8] Weighted Error Value: White=0.12/Black=0.41} 1-0

[Event "European Online Club-ch-C 2021"]
[Site "Online"]
[Date "2021.03.27"]
[Round "3.9"]
[White "Delgado Ramirez, Neuris"]
[Black "Micottis, Dorian"]
[Result "1/2-1/2"]
[WhiteElo "2615"]
[BlackElo "2223"]
[Annotator "ChessBase"]
[PlyCount "104"]
[EventDate "2021.03.27"]
[EventType "team-tourn"]
[EventCountry "NET"]
[SourceTitle "playchess.com"]
[Source "ChessBase"]
[SourceQuality "1"]
[TimeControl "900+5"]

1. e4 {[%emt 0:00:00]} c6 {[%emt 0:00:02]} 2. c4 {[%emt 0:00:03]} d5 {[%emt 0:00:07]} 3. cxd5 {[%emt 0:00:03]} cxd5 {[%emt 0:00:01]} 4. exd5 {[%emt 0:00:02]} Nf6 {[%emt 0:00:02]} 5. Nc3 {[%emt 0:00:02]} Nxd5 {[%emt 0:00:03]} 6. Nf3 {[%emt 0:00:03]} Nc6 {[%emt 0:00:04]} 7. Bc4 {[%emt 0:00:04]} Nb6 {[%emt 0:00:05]} 8. Bb3 {[%emt 0:00:04]} Bf5 {[%emt 0:00:08]} 9. d4 {[%emt 0:00:05]} e6 {[%emt 0:00:02]} 10. O-O {[%emt 0:01:12]} Be7 {[%emt 0:00:04]} 11. h3 {[%emt 0:00:03]} O-O {[%emt 0:00:12]} 12. a3 {[%emt 0:00:03]} Bf6 {[%emt 0:00:30]} 13. Be3 {[%emt 0:00:03]} Rc8 {[%emt 0:00:09]} 14. Qe2 {[%emt 0:00:11]} Rc7 {[%emt 0:01:28]} 15. Rad1 {[%emt 0:01:55]} Rd7 {[%emt 0:00:06]} 16. Ne5 {[%emt 0:00:04]} Nxd4 {[%emt 0:02:05]} 17. Bxd4 {[%emt 0:00:08]} Rxd4 {[%emt 0:00:02]} 18. Qe3 {[%emt 0:00:14]} Rxd1 {[%emt 0:01:16]} 19. Rxd1 {[%emt 0:00:04]} Qc7 {[%emt 0:00:03]} 20. f4 {[%emt 0:00:29]} a6 {[%emt 0:02:09]} 21. Rc1 {[%emt 0:00:29]} Bxe5 {[%emt 0:00:28]} 22. fxe5 {[%emt 0:00:05]} Nc4 {[%emt 0:00:52]} 23. Bxc4 {[%emt 0:02:42]} Qxc4 {[%emt 0:00:03]} 24. Ne2 {[%emt 0:00:03]} Qe4 {[%emt 0:00:38]} 25. Kf2 {[%emt 0:00:38]} f6 {[%emt 0:00:50]} 26. exf6 {[%emt 0:00:05]} gxf6 {[%emt 0:01:54]} 27. Nd4 {[%emt 0:01:27]} e5 {[%emt 0:00:53]} 28. Qb3+ {[%emt 0:00:58]} Kh8 {[%emt 0:00:03]} 29. Nf3 {[%emt 0:00:04]} Bd7 {[%emt 0:00:51]} 30. Rc4 {[%emt 0:00:54]} Qd5 {[%emt 0:00:41]} 31. Qb4 {[%emt 0:00:04]} Rg8 {[%emt 0:00:23]} 32. Rh4 {[%emt 0:02:04]} Bc6 {[%emt 0:00:26]} 33. Rg4 {[%emt 0:00:03]} Rxg4 {[%emt 0:00:09]} 34. hxg4 {[%emt 0:00:02]} Kg7 {[%emt 0:00:13]} 35. Nh4 {[%emt 0:00:50]} Kf7 {[%emt 0:00:01]} 36. Kg3 {[%emt 0:00:36]} Qd3+ {[%emt 0:00:21]} 37. Kh2 {[%emt 0:00:03]} Qd4 {[%emt 0:00:05]} 38. Qb3+ {[%emt 0:00:19]} Bd5 {[%emt 0:00:09]} 39. Qc2 {[%emt 0:00:03]} Qxg4 {[%emt 0:00:17]} 40. Qc7+ {[%emt 0:01:01]} Ke8 {[%emt 0:00:07]} 41. Qxh7 {[%emt 0:00:06]} Bc6 {[%emt 0:00:11]} 42. Qh8+ {[%emt 0:00:13]} Ke7 {[%emt 0:00:02]} 43. Qh6 {[%emt 0:00:04]} Qg5 {[%emt 0:00:10]} 44. Qh8 {[%emt 0:00:19]} Kd7 {[%emt 0:00:04]} 45. Kg1 {[%emt 0:00:03]} Kc7 {[%emt 0:00:02]} 46. b4 {[%emt 0:00:01]} Qc1+ {[%emt 0:00:03]} 47. Kh2 {[%emt 0:00:02]} Qg5 {[%emt 0:00:02]} 48. Kg1 {[%emt 0:00:04]} Qc1+ {[%emt 0:00:09]} 49. Kh2 {[%emt 0:00:02]} Qf4+ {[%emt 0:00:01]} 50. Kg1 {[%emt 0:00:04]} Qe3+ {[%emt 0:00:06]} 51. Kh2 {[%emt 0:00:02]} Qf4+ {[%emt 0:00:12]} 52. Kg1 {[%emt 0:00:02]} Qc1+ {[%emt 0:00:01]} 1/2-1/2

[Event "European Online Club-ch-C 2021"]
[Site "Online"]
[Date "2021.03.27"]
[Round "3.10"]
[White "Bruch, Jochen"]
[Black "Martinez Alcantara, Jose Eduardo"]
[Result "0-1"]
[WhiteElo "2187"]
[BlackElo "2620"]
[Annotator "ChessBase"]
[PlyCount "96"]
[EventDate "2021.03.27"]
[EventType "team-tourn"]
[EventCountry "NET"]
[SourceTitle "playchess.com"]
[Source "ChessBase"]
[SourceQuality "1"]
[TimeControl "900+5"]

1. Nf3 {[%emt 0:00:00]} Nf6 {[%emt 0:00:08]} 2. g3 {[%emt 0:00:03]} b6 {[%emt 0:00:04]} 3. Bg2 {[%emt 0:00:04]} Bb7 {[%emt 0:00:02]} 4. O-O {[%emt 0:00:03]} g6 {[%emt 0:00:02]} 5. c4 {[%emt 0:00:05]} Bg7 {[%emt 0:00:02]} 6. Nc3 {[%emt 0:00:03]} O-O {[%emt 0:00:01]} 7. d3 {[%emt 0:00:06]} c5 {[%emt 0:00:25]} 8. Bf4 {[%emt 0:00:07]} d5 {[%emt 0:00:16]} 9. cxd5 {[%emt 0:01:07]} Nxd5 {[%emt 0:00:04]} 10. Bd2 {[%emt 0:00:02]} e6 {[%emt 0:00:40]} 11. Qc1 {[%emt 0:00:53]} Nd7 {[%emt 0:00:52]} 12. Bh6 {[%emt 0:00:18]} N7f6 {[%emt 0:00:32]} 13. Bxg7 {[%emt 0:00:08]} Kxg7 {[%emt 0:00:02]} 14. Qd2 {[%emt 0:00:22]} Qe7 {[%emt 0:00:29]} 15. Rac1 {[%emt 0:00:12]} e5 {[%emt 0:00:58]} 16. a3 {[%emt 0:01:48]} Rad8 {[%emt 0:01:50]} 17. Rfd1 {[%emt 0:01:35]} c4 {[%emt 0:01:11]} 18. Qg5 {[%emt 0:03:26]} cxd3 {[%emt 0:00:59]} 19. Rxd3 {[%emt 0:04:02]} Rfe8 {[%emt 0:03:22]} 20. Nxd5 {[%emt 0:01:41]} Bxd5 {[%emt 0:00:07]} 21. Nh4 {[%emt 0:00:05]} Kf8 {[%emt 0:02:59]} 22. Qh6+ {[%emt 0:00:21]} Kg8 {[%emt 0:00:02]} 23. Qg5 {[%emt 0:00:02]} e4 {[%emt 0:01:00]} 24. Rdd1 {[%emt 0:00:06]} Qe5 {[%emt 0:00:04]} 25. Qxe5 {[%emt 0:00:10]} Rxe5 {[%emt 0:00:01]} 26. Bf1 {[%emt 0:00:08]} e3 {[%emt 0:00:06]} 27. f4 {[%emt 0:00:03]} Ree8 {[%emt 0:00:02]} 28. Ng2 {[%emt 0:00:03]} Ng4 {[%emt 0:00:13]} 29. Rd3 {[%emt 0:00:03]} Bxg2 {[%emt 0:00:32]} 30. Rxd8 {[%emt 0:00:05]} Rxd8 {[%emt 0:00:02]} 31. Kxg2 {[%emt 0:00:02]} Rd2 {[%emt 0:00:02]} 32. Kf3 {[%emt 0:00:02]} Nxh2+ {[%emt 0:00:02]} 33. Kxe3 {[%emt 0:00:03]} Nxf1+ {[%emt 0:00:02]} 34. Rxf1 {[%emt 0:00:04]} Rxb2 {[%emt 0:00:02]} 35. Ra1 {[%emt 0:00:03]} Rb3+ {[%emt 0:00:04]} 36. Kf2 {[%emt 0:00:02]} f5 {[%emt 0:00:03]} 37. a4 {[%emt 0:00:03]} a5 {[%emt 0:00:12]} 38. Rc1 {[%emt 0:00:03]} Rb4 {[%emt 0:00:02]} 39. Rc6 {[%emt 0:00:03]} Kf7 {[%emt 0:00:02]} 40. Rc7+ {[%emt 0:00:10]} Ke6 {[%emt 0:00:02]} 41. Rxh7 {[%emt 0:00:02]} Rxa4 {[%emt 0:00:05]} 42. Rc7 {[%emt 0:00:04]} Rb4 {[%emt 0:00:03]} 43. Rc6+ {[%emt 0:00:03]} Kf7 {[%emt 0:00:03]} 44. Ke3 {[%emt 0:00:02]} a4 {[%emt 0:00:08]} 45. Kd2 {[%emt 0:00:03]} b5 {[%emt 0:00:04]} 46. Kc2 {[%emt 0:00:06]} Rc4+ {[%emt 0:00:09]} 47. Rxc4 {[%emt 0:00:06]} bxc4 {[%emt 0:00:01]} 48. Kc3 {[%emt 0:00:03]} a3 {[%emt 0:00:02]} 0-1

[Event "European Online Club-ch-C 2021"]
[Site "Online"]
[Date "2021.03.27"]
[Round "3.11"]
[White "Gukesh D"]
[Black "Kirsch, Laurent"]
[Result "1-0"]
[WhiteElo "2563"]
[BlackElo "2120"]
[Annotator "ChessBase"]
[PlyCount "87"]
[EventDate "2021.03.27"]
[EventType "team-tourn"]
[EventCountry "NET"]
[SourceTitle "playchess.com"]
[Source "ChessBase"]
[SourceQuality "1"]
[TimeControl "900+5"]

1. d4 {[%emt 0:00:00]} d5 {[%emt 0:00:03]} 2. Nf3 {[%emt 0:00:03]} Nf6 {[%emt 0:00:03]} 3. Bf4 {[%emt 0:00:02]} c5 {[%emt 0:00:02]} 4. e3 {[%emt 0:00:01]} Nc6 {[%emt 0:00:04]} 5. Nbd2 {[%emt 0:00:03]} Qb6 {[%emt 0:00:04]} 6. dxc5 {[%emt 0:00:08]} Qxb2 {[%emt 0:00:02]} 7. Rb1 {[%emt 0:00:02]} Qc3 {[%emt 0:00:04]} 8. Bb5 {[%emt 0:00:02]} g6 {[%emt 0:00:06]} 9. e4 {[%emt 0:00:28]} dxe4 {[%emt 0:00:04]} 10. Be5 {[%emt 0:00:12]} Qa5 {[%emt 0:00:04]} 11. O-O {[%emt 0:00:44]} exf3 {[%emt 0:00:13]} 12. Bxf6 {[%emt 0:05:38]} exf6 {[%emt 0:00:22]} 13. Qxf3 {[%emt 0:00:04]} Qc7 {[%emt 0:02:27]} 14. Qxf6 {[%emt 0:00:28]} Rg8 {[%emt 0:00:48]} 15. Rfe1+ {[%emt 0:00:59]} Be7 {[%emt 0:00:14]} 16. Qd6 {[%emt 0:00:32]} Qxd6 {[%emt 0:00:26]} 17. cxd6 {[%emt 0:00:03]} Be6 {[%emt 0:00:01]} 18. dxe7 {[%emt 0:00:18]} Kxe7 {[%emt 0:00:17]} 19. Bxc6 {[%emt 0:00:38]} bxc6 {[%emt 0:00:03]} 20. Rb7+ {[%emt 0:00:01]} Kf6 {[%emt 0:00:22]} 21. Ne4+ {[%emt 0:00:03]} Kg7 {[%emt 0:00:03]} 22. Nd6 {[%emt 0:00:43]} Bxa2 {[%emt 0:00:47]} 23. c4 {[%emt 0:00:18]} Rgd8 {[%emt 0:00:52]} 24. Nxf7 {[%emt 0:00:29]} Rdb8 {[%emt 0:01:12]} 25. Rc7 {[%emt 0:00:21]} Rb1 {[%emt 0:00:30]} 26. Ne5+ {[%emt 0:00:23]} Kg8 {[%emt 0:00:18]} 27. Rxb1 {[%emt 0:01:54]} Bxb1 {[%emt 0:00:00]} 28. Nd7 {[%emt 0:00:27]} a5 {[%emt 0:00:27]} 29. Nf6+ {[%emt 0:00:21]} Kf8 {[%emt 0:00:02]} 30. Rxh7 {[%emt 0:00:16]} Ra6 {[%emt 0:01:13]} 31. Rb7 {[%emt 0:01:00]} Bc2 {[%emt 0:01:00]} 32. Nd7+ {[%emt 0:00:09]} Kg8 {[%emt 0:00:03]} 33. Nc5 {[%emt 0:00:23]} Ra8 {[%emt 0:00:03]} 34. Rb2 {[%emt 0:00:07]} Bf5 {[%emt 0:00:25]} 35. Ra2 {[%emt 0:00:06]} Kf7 {[%emt 0:00:17]} 36. f3 {[%emt 0:00:07]} Kf6 {[%emt 0:00:03]} 37. g4 {[%emt 0:00:07]} Be6 {[%emt 0:00:07]} 38. Ra4 {[%emt 0:00:04]} g5 {[%emt 0:01:01]} 39. Kf2 {[%emt 0:00:02]} Ke5 {[%emt 0:00:04]} 40. Ke3 {[%emt 0:00:03]} Kd6 {[%emt 0:00:25]} 41. Kd4 {[%emt 0:00:08]} Rh8 {[%emt 0:00:20]} 42. Nxe6 {[%emt 0:00:06]} Kxe6 {[%emt 0:00:02]} 43. Rxa5 {[%emt 0:00:01]} Rxh2 {[%emt 0:00:10]} 44. Rxg5 {[%emt 0:00:03]} 1-0